000 00592nam a2200169 4500
001 112284
003 ES-MaACL
007 t|
008 061121s1980 sp r ||||1| spa d
100 1 _aMuñoz Cortés, Manuel.
_984379
245 1 0 _aRepertorio de hispanistas de la República Federal de Alemania /
_cpreparado por Manuel Muñoz Cortés y Renate Trumpp.
260 _aMunich (Alemania) :
_bInstituto de España,
_c1980.
300 _aIII, 71 p. ;
_c21 cm.
700 1 _aTrumpp, Renate.
_9111593
710 2 _aInstituto de España en Munich.
_94876
852 _aES-MaACL
_jL-4674
_bR.105440
999 _c112284
_d112284